MARC details
| 000 -CABECERA |
| campo de control de longitud fija |
01281cam a2200337 a 4500 |
| 001 - NÚMERO DE CONTROL |
| campo de control |
000005739 |
| 005 - FECHA Y HORA DE LA ÚLTIMA TRANSACCIÓN |
| campo de control |
20200929151751.0 |
| 008 - DATOS DE LONGITUD FIJA--INFORMACIÓN GENERAL |
| campo de control de longitud fija |
940722r19861987pr a b 001 0 spa |
| 020 ## - NÚMERO INTERNACIONAL ESTÁNDAR DEL LIBRO |
| Número Internacional Estándar del Libro |
0934369100 |
| 040 ## - FUENTE DE LA CATALOGACIÓN |
| Centro catalogador/agencia de origen |
DO-SdBNP |
| Centro/agencia transcriptor |
DLC |
| 082 ## - NÚMERO DE LA CLASIFICACIÓN DECIMAL DEWEY |
| Número de clasificación |
972.95 |
| Número de documento/Ítem |
M829h, 1986 |
| 100 1# - ENTRADA PRINCIPAL--NOMBRE DE PERSONA |
| Nombre de persona |
Morán Arce, Lucas |
| 9 (RLIN) |
16234 |
| 245 10 - MENCIÓN DE TÍTULO |
| Título |
Historia de Puerto Rico / |
| Mención de responsabilidad, etc. |
narración de Lucas Morán Arce ; colaboraciones de Ricardo E. Alegría ... [et al]. |
| 250 ## - MENCIÓN DE EDICIÓN |
| Mención de edición |
2a ed. rev. y aum. |
| 260 ## - PUBLICACIÓN, DISTRIBUCIÓN, ETC. |
| Lugar de publicación, distribución, etc. |
San Juan, Puerto Rico : |
| Nombre del editor, distribuidor, etc. |
Librotex, |
| Fecha de publicación, distribución, etc. |
1986 |
| Lugar de fabricación/manufactura |
República Dominicana : |
| Fabricante |
Corripio, |
| Fecha de fabricación/manufactura |
1987 |
| 300 ## - DESCRIPCIÓN FÍSICA |
| Extensión |
xii, 411 p. : |
| Otras características físicas |
il. ; |
| Dimensiones |
26 cm. |
| 500 ## - NOTA GENERAL |
| Nota general |
Primera reimpresión de la segunda edición. |
| 563 ## - NOTA DE ENCUADERNACIÓN |
| Nota de encuadernación |
Encuadernación en tapa blanda |
| 504 ## - NOTA DE BIBLIOGRAFÍA, ETC. |
| Nota de bibliografía, etc. |
Bibliografías p. [389]-395). |
| 651 #4 - PUNTO DE ACCESO ADICIONAL DE MATERIA--NOMBRE GEOGRÁFICO |
| Nombre geográfico |
Puerto Rico |
| Subdivisión general |
Historia |
| 9 (RLIN) |
1079 |
| 651 #4 - PUNTO DE ACCESO ADICIONAL DE MATERIA--NOMBRE GEOGRÁFICO |
| Nombre geográfico |
Puerto Rico |
| Subdivisión general |
Condiciones Sociales |
| 9 (RLIN) |
12600 |
| 700 1# - PUNTO DE ACCESO ADICIONAL--NOMBRE DE PERSONA |
| Nombre de persona |
Palomares, Andrés, |
| Término indicativo de función/relación |
ed. |
| 9 (RLIN) |
16235 |
| 700 1# - PUNTO DE ACCESO ADICIONAL--NOMBRE DE PERSONA |
| Nombre de persona |
Alegría, Ricardo E. |
| 9 (RLIN) |
16236 |
| 700 1# - PUNTO DE ACCESO ADICIONAL--NOMBRE DE PERSONA |
| Nombre de persona |
Arrillaga Torréns, Rafael. |
| 9 (RLIN) |
16237 |
| 700 1# - PUNTO DE ACCESO ADICIONAL--NOMBRE DE PERSONA |
| Nombre de persona |
Barbosa de Rosario, Pilar. |
| 9 (RLIN) |
16238 |
| 700 1# - PUNTO DE ACCESO ADICIONAL--NOMBRE DE PERSONA |
| Nombre de persona |
Caro Costas, Aída R. |
| 9 (RLIN) |
5515 |
| 700 1# - PUNTO DE ACCESO ADICIONAL--NOMBRE DE PERSONA |
| Nombre de persona |
Díez de Morán, Sarah. |
| 9 (RLIN) |
16239 |
| 700 1# - PUNTO DE ACCESO ADICIONAL--NOMBRE DE PERSONA |
| Nombre de persona |
Fernández Méndez, Eugenio. |
| 9 (RLIN) |
16240 |
| 700 1# - PUNTO DE ACCESO ADICIONAL--NOMBRE DE PERSONA |
| Nombre de persona |
Tió Nazario, Aurelio. |
| 9 (RLIN) |
16241 |
| 910 ## - DATOS DE OPCIÓN DEL USUARIO (OCLC) |
| Datos de opción del usuario |
Catalogación por copia / LC |